| 000 | 00499nam a2200157Ia 4500 | ||
|---|---|---|---|
| 005 | 20250324133322.0 | ||
| 008 | 231217s9999 xx 000 0 und d | ||
| 020 | _a9788177227390 | ||
| 082 | _a001.6424OFF GUP;1 R | ||
| 100 | _aGupta, Viksa. Kogent solutions inc. | ||
| 245 | 0 | _aComdex : computer and financial accounting with tally 9.0 course kit | |
| 260 |
_c2008 _bDreamtech Press _aNew Delhi |
||
| 300 | _axvi,768 | ||
| 650 | _aComdex,computer,financial,accounting,tally,9.0 | ||
| 942 | _cAA | ||
| 999 |
_c185355 _d185355 |
||